| 000 | 00687nam a22001817a 4500 | ||
|---|---|---|---|
| 999 |
_c18899 _d18899 |
||
| 003 | AR-CdUCM | ||
| 008 | 190515b ||||| |||| 00| 0 spa d | ||
| 040 |
_aMUNICIPALIDAD PROVINCIAL DEL CUSCO _cBIBLIOTECA MUNICIPAL DEL CUSCO |
||
| 082 |
_a636.084 / _bB65 |
||
| 100 |
_aBoden, S. M. _939812 |
||
| 245 | _aTécnica de la henificacion acelerada / | ||
| 260 |
_aEspaña : _bAcribia, _c1965. |
||
| 300 |
_a135 páginas ; _c20 cm. |
||
| 505 | _aContenido : El heno en la economía de la granja -- El tiempo y la benificacion -- Siega de la hierba -- Empacado del heno -- Valor nutritivo del heno ... | ||
| 650 |
_aHenificación. _939813 |
||
| 942 |
_2ddc _cLIBROS |
||
| 945 |
_arum _d2019-05-15 |
||